Modern Trigonometry (Record no. 181010)
[ view plain ]
| 000 -LEADER | |
|---|---|
| fixed length control field | 00740 a2200169 4500 |
| 003 - CONTROL NUMBER IDENTIFIER | |
| control field | Nust |
| 005 - DATE AND TIME OF LATEST TRANSACTION | |
| control field | 20170207153201.0 |
| 040 ## - CATALOGING SOURCE | |
| Transcribing agency | Nust |
| 082 ## - DEWEY DECIMAL CLASSIFICATION NUMBER | |
| Classification number | 516.24 |
| 100 ## - MAIN ENTRY--PERSONAL NAME | |
| Personal name | Hearley M.J.G |
| 245 ## - TITLE STATEMENT | |
| Title | Modern Trigonometry |
| Statement of responsibility, etc. | Hearley M.J.G |
| 260 ## - PUBLICATION, DISTRIBUTION, ETC. | |
| Place of publication, distribution, etc. | New York |
| Name of publisher, distributor, etc. | Thomas Nelson |
| Date of publication, distribution, etc. | 1944. |
| 300 ## - PHYSICAL DESCRIPTION | |
| Extent | 168:p |
| 505 ## - FORMATTED CONTENTS NOTE | |
| Formatted contents note | Units, Ratios, Angles (Page-9), Similar Triangles And Scale Drawing (Page-19), Trigonometrical Ratios (Page-30), Applications Of Trigonometrical Ratios To Plane Figures (Page-54), Applications To Other Branches Of Study (Page-83), Definitions Of The Ratios For All Angles (Page-101), The Solution Of Triangles (Page-124), Mathematical Tables (Page-148). |
| 538 ## - SYSTEM DETAILS NOTE | |
| System details note | Almirah No. 14 Shelf No. 1 |
| 650 ## - SUBJECT ADDED ENTRY--TOPICAL TERM | |
| Topical term or geographic name entry element | Modern Trigonometry |
| 942 ## - ADDED ENTRY ELEMENTS (KOHA) | |
| Source of classification or shelving scheme | |
| Koha item type | Book |
| Withdrawn status | Lost status | Source of classification or shelving scheme | Damaged status | Not for loan | Collection code | Permanent Location | Current Location | Date acquired | Total Checkouts | Full call number | Barcode | Date last seen | Price effective from | Koha item type |
|---|---|---|---|---|---|---|---|---|---|---|---|---|---|---|
| Military College of Signals (MCS) | Military College of Signals (MCS) | 12/12/2016 | 516.24 HEA | MCS29738 | 12/08/2016 | 12/12/2016 | Book |
